000 00285nam a22001337a 4500
008 170309b xxu||||| |||| 00| 0 eng d
020 _a9780805359138
041 _aeng
080 _a611
100 _a6
101 _aSHM
245 _aANATOMY PHYSIOLOGY
_cMARIEB.E.N
942 _2udc
_cBK
999 _c7377
_d7377